|
|
|
|
| LEADER |
01179nam a2200337 4500 |
| 001 |
000013709 |
| 003 |
10053 |
| 005 |
20120321100307.0 |
| 008 |
120321s2000 viesd |
| 020 |
|
|
|c 17500đ
|
| 041 |
0 |
|
|a vie
|
| 082 |
|
|
|a 158.071
|b PH-N
|
| 100 |
0 |
|
|a Phan, Trọng Ngọ
|
| 245 |
|
0 |
|a Tâm lí học hoạt động và khả năng ứng dụng vào lĩnh vực dạy học
|c Phan Trọng Ngọ, Dương Diệu Hoa, Nguyễn Thị Mùi
|
| 260 |
|
|
|a H.
|b Đại học Quốc gia
|c 2000
|
| 300 |
|
|
|a 243 tr.
|c 21 cm
|
| 653 |
|
|
|a Tâm lí học
|
| 653 |
|
|
|a Khả năng ứng dụng
|
| 653 |
|
|
|a Dạy học
|
| 700 |
|
|
|a Dương Diệu Hoa
|a Nguyễn Thị Mùi
|e Biên soạn
|
| 910 |
|
|
|a duyên
|
| OWN |
|
|
|a LSP
|
| AVA |
|
|
|a UDN50
|b LSP
|d 158.071 PH-N
|e available
|t Error 5001 Not defined in file expand_doc_bib_avail.
|f 3
|g 0
|h N
|i 0
|k 1
|
| 999 |
|
|
|a From the UDN01
|
| AVA |
|
|
|a UDN50
|b LSP
|d 158.071 PH-N
|e available
|t Error 5001 Not defined in file expand_doc_bib_avail.
|f 3
|g 0
|h N
|i 0
|k 1
|
| TYP |
|
|
|a Monograph
|
| TYP |
|
|
|a Printed language
|
| 980 |
|
|
|a Mạng thư viện Đại học Đà Nẵng
|